| 000 | 01519cam a2200277 4500 | ||
|---|---|---|---|
| 008 | 011218n2001 000 0 eng u | ||
| 020 | _a0754514927 | ||
| 035 | _a(Sirsi) u116056 | ||
| 041 | _aeng. | ||
| 050 | _a347.4107 | ||
| 100 | _aAnderson, R.N.M. | ||
| 245 | _aConstruction adjudication casebook | ||
| 260 |
_aCroydon _bButterworths Tolley _c2001 |
||
| 300 | _axxxv, 1084p. $2 3cm. | ||
| 350 | _a85.00 | ||
| 490 |
_aPractical construction law _v245 |
||
| 520 | _aProvides coverage of the adjudication cases that have reached the courts since the introduction of the Housing Grants, Construction and Regeneration Act 1996. It offers guidance for both adjudicators and those involved in the adjudication process. Aspects of adjudication covered include: the conditions for adjudication; what may be adjudicated upon; the appointment of the Adjudicator; preliminary procedures; the conduct of an adjudication; enforcing an adjudication, and opposing enforcement. | ||
| 650 | _aMANAGEMENT-DISPUTE AVOIDANCE, MANAGEMENT AND RESOLUTION-DISPUTE MANAGEMENT AND RESOLUTION-ALTERNATIVE DISPUTE RESOLUTION-ADJUDICATION | ||
| 650 | _aCONSTRUCTION INDUSTRY | ||
| 650 | _aALTERNATIVE DISPUTE RESOLUTION | ||
| 650 | _aCASE LAW | ||
| 650 | _aBUILT ENVIRONMENT-BUILDING CONTRACT FORMS | ||
| 650 | _aMANAGEMENT-DISPUTE AVOIDANCE, MANAGEMENT AND RESOLUTION-DISPUTE MANAGEMENT AND RESOLUTION-ALTERNATIVE DISPUTE RESOLUTION-ADJUDICATION-ADJUDICATION AWARDS | ||
| 690 |
_aDispute resolution _96236 |
||
| 942 | _n0 | ||
| 999 |
_c101819 _d101819 |
||